BLACKPINK Music Show Wins - Statistics

General Stats
  • This quiz has been taken 51 times
  • The average score is 11 of 15
Answer Stats
Hint Answer % Correct
How You Like That Yes
92%
DDU-DU DDU-DU Yes
89%
Pink Venom Yes
89%
Lovesick Girls Yes
86%
PLAYING WITH FIRE Yes
84%
AS IF IT'S YOUR LAST Yes
84%
Kill This Love Yes
84%
Shut Down Yes
84%
So Hot No
78%
WHISTLE Yes
78%
STAY No
70%
Typa Girl No
65%
Ice Cream Yes
62%
Pretty Savage No
43%
BOOMBAYAH No
27%
No matching quizzes found
Score Distribution
Percent of People with Each Score
Percentile by Number Answered
Your Score History
You have not taken this quiz